Almíbar de corazones rotos

Saved in:
Bibliographic Details
Main Author: Loyo, Ernestina (autora)
Format: Book
Language:Spanish
Published: Ciudad de México Consejo Nacional de Fomento Educativo 1991
Series:Colección Itacate, 27
Subjects:
Tags: Add Tag
No Tags, Be the first to tag this record!

MARC

LEADER 00000nam a2200000 a 4500
001 UCO8941
003 CL-VaPUC
008 010112e19910000MX |||||||||||||||||spa|d
082 0 4 |a 808.80354  |b LOY  |2 21 
100 |a Loyo, Ernestina  |e autora  |9 453914 
245 1 0 |a Almíbar de corazones rotos 
300 |a 125 p 
942 |c BK 
945 |d 20010112 00:00:00  |a cmena 
260 |a Ciudad de México  |b Consejo Nacional de Fomento Educativo  |c 1991 
650 0 |a Amor en la literatura  |9 315451 
650 0 |a Antologías  |9 309836 
583 |a last modification  |c 20010112 00:00:00  |k Rodrigo Vera 
490 0 |a Colección Itacate, 27 
999 |c 293356  |d 293354 
952 |0 0  |1 0  |4 0  |6 808_803540000000000_LOY_1991  |7 0  |8 A  |9 344830  |a BIBEDU  |b BIBEDU  |d 2019-11-20  |i 3683060  |o 808.80354 LOY 1991  |p 3683060  |r 2019-11-20  |w 2019-11-20  |y BK  |k EDU